Development of Chlorhexidine and chitosan Gel based coatings Implementing Quality by Design Approach for the Prevention of Intravascular Catheter-associated infections

Elmentve itt :
Bibliográfiai részletek
Szerző: Kanti S P Yamini
További közreműködők: Csóka Ildikó (Témavezető)
Jójártné Laczkovich Orsolya (Témavezető)
Dokumentumtípus: Disszertáció
Megjelent: 2025-03-17
Tárgyszavak:
doi:10.14232/phd.12384

mtmt:36137585
Online Access:http://doktori.ek.szte.hu/12384
LEADER 01417nta a2200289 i 4500
001 dokt12384
005 20250514120350.0
008 241022s2025 hu om 000 eng d
024 7 |a 10.14232/phd.12384  |2 doi 
024 7 |a 36137585  |2 mtmt 
040 |a SZTE Doktori Repozitórium  |b hun 
041 |a eng 
100 1 |a Kanti S P Yamini 
245 1 0 |a Development of Chlorhexidine and chitosan Gel based coatings Implementing Quality by Design Approach for the Prevention of Intravascular Catheter-associated infections  |h [elektronikus dokumentum] /  |c  Kanti S P Yamini 
260 |c 2025-03-17 
300 |a 66 
502 |a Disszertacio 
650 4 |a gyógyszerészeti tudományok 
650 4 |a Gyógyszerészeti fejlesztés 
700 0 1 |a Csóka Ildikó  |e ths 
700 0 2 |a Jójártné Laczkovich Orsolya  |e ths 
856 4 0 |u https://doktori.bibl.u-szeged.hu/id/eprint/12384/1/FULL%20THESIS.pdf  |z Dokumentum-elérés  
856 4 0 |u https://doktori.bibl.u-szeged.hu/id/eprint/12384/2/SUMMARY.pdf  |z Dokumentum-elérés  
856 4 0 |u https://doktori.bibl.u-szeged.hu/id/eprint/12384/3/Article%201.pdf  |z Dokumentum-elérés  
856 4 0 |u https://doktori.bibl.u-szeged.hu/id/eprint/12384/4/Article%202.pdf  |z Dokumentum-elérés  
856 4 0 |u https://doktori.bibl.u-szeged.hu/id/eprint/12384/5/Article%203.pdf  |z Dokumentum-elérés  
856 4 0 |u https://doktori.bibl.u-szeged.hu/id/eprint/12384/6/Article%204.pdf  |z Dokumentum-elérés